Tratado antártico : texto normativo

Guardado en:
Formato: Libro
Publicado: Washington : s. e., 1959
Materias:
Etiquetas: Agregar Etiqueta
Sin Etiquetas, Sea el primero en etiquetar este registro!
LEADER 00612nam a22002175a 4500
001 CEM.cems014802
005 20170823171723.0
008 130507s1959##################000#0#####d
003 CEMS
082 0 4 |a F327 
245 0 0 |a Tratado antártico :  |b texto normativo 
260 |a Washington :  |b s. e.,  |c 1959 
300 |a 5 p. 
500 |a Fotocopia 
653 |a Geografía 
653 |a Geografía argentina 
653 |a Antártida 
653 |a Tratado antártico 
653 |a Geopolítica 
859 |a CEMS  |b BIB. CEMS - 11 de abril  |h F327  |i 1  |p 2831.44  |t Ej.1 
859 |a CEMS  |b BIB. CEMS - 11 de abril  |h F327  |i 1  |p 2832.44  |t Ej.2